The stars askew / (Record no. 20834)

MARC details
000 -LEADER
fixed length control field 02237cam a2200337 i 4500
001 - CONTROL NUMBER
control field 19262676
003 - CONTROL NUMBER IDENTIFIER
control field mut
005 - DATE AND TIME OF LATEST TRANSACTION
control field 20240606081526.0
008 - FIXED-LENGTH DATA ELEMENTS--GENERAL INFORMATION
fixed length control field 160906s2016 nyu 000 1 eng
010 ## - LIBRARY OF CONGRESS CONTROL NUMBER
LC control number 2016286055
020 ## - INTERNATIONAL STANDARD BOOK NUMBER
International Standard Book Number 9780765329899 (hbk.)
020 ## - INTERNATIONAL STANDARD BOOK NUMBER
International Standard Book Number 9781429945127 (e-bk.)
040 ## - CATALOGING SOURCE
Original cataloging agency DLC
Language of cataloging MUT
Transcribing agency DLC
Description conventions rda
Modifying agency DLC
042 ## - AUTHENTICATION CODE
Authentication code pcc
050 00 - LIBRARY OF CONGRESS CALL NUMBER
Classification number PR9619.4.D36
Item number S73 2016
082 00 - DEWEY DECIMAL CLASSIFICATION NUMBER
Classification number 823/.92
Edition information 23
100 1# - MAIN ENTRY--PERSONAL NAME
Personal name Davidson, Rjurik,
Relator term author.
245 14 - TITLE STATEMENT
Title The stars askew /
250 ## - EDITION STATEMENT
Edition statement First edition.
264 #1 - PRODUCTION, PUBLICATION, DISTRIBUTION, MANUFACTURE, AND COPYRIGHT NOTICE
Place of production, publication, distribution, manufacture New York, NY :
Name of producer, publisher, distributor, manufacturer Tor,
Date of production, publication, distribution, manufacture, or copyright notice 2016.
300 ## - PHYSICAL DESCRIPTION
Extent 411 pages ;
Dimensions 22 cm.
336 ## - CONTENT TYPE
Content type term text
Content type code txt
Source rdacontent
337 ## - MEDIA TYPE
Media type term unmediated
Media type code n
Source rdamedia
338 ## - CARRIER TYPE
Carrier type term volume
Carrier type code nc
Source rdacarrier
500 ## - GENERAL NOTE
General note "A Tom Doherty Associates book."
520 ## - SUMMARY, ETC.
Summary, etc. With the seditionists in power, Caeli-Amur has begun a new age. Or has it? The escaped House officials no longer send food, and the city is starving. When the moderate leader Aceline is murdered, the trail leads Kata to a mysterious book that explains how to control the fabled Prism of Alerion. But when the last person to possess the book is found dead, it becomes clear that a conspiracy is afoot. At its center is former House Officiate Armand, who has hidden the Prism. Armand is vying for control of the Directorate, the highest political position in the city, until Armand is betrayed and sent to a prison camp to mine deadly bloodstone. Meanwhile, Maximilian is sharing his mind with another being: the joker-god Aya. Aya leads Max to the realm of the Elo-Talern to seek a power source to remove Aya from Max's brain. But when Max and Aya return, they find the vigilants destroying the last remnants of House power. It seems the seditionists' hopes for a new age of peace and prosperity in Caeli-Amur have come to naught, and every attempt to improve the situation makes it worse. The question now is not just whether Kata, Max, and Armand can do anything to stop the bloody battle in the city, but if they can escape with their lives.
655 #7 - INDEX TERM--GENRE/FORM
Genre/form data or focus term Fantasy fiction.
Source of term gsafd
906 ## - LOCAL DATA ELEMENT F, LDF (RLIN)
a 7
b cbc
c origres
d 2
e ncip
f 20
g y-gencatlg
942 ## - ADDED ENTRY ELEMENTS (KOHA)
Source of classification or shelving scheme Library of Congress Classification
Koha item type Books
Holdings
Withdrawn status Lost status Source of classification or shelving scheme Damaged status Not for loan Home library Current library Shelving location Date acquired Source of acquisition Total checkouts Full call number Barcode Date last seen Price effective from Koha item type
    Library of Congress Classification     Murang'a University of Technology Library Murang'a University of Technology Library General stacks 10/11/2021 Donation-TFC   PR9619.4.D36 S73 2016 028421 30/08/2024 10/11/2021 Books